marjorie lyrics - Statistics

General Stats
  • This quiz has been taken 108 times
  • The average score is 281 of 320
Answer Stats
Lyrics % Correct
I
100%
you
100%
You
100%
be
98%
be,
98%
didn't
98%
for
98%
me
98%
were
98%
where
98%
your
98%
I'd
96%
know
96%
so
96%
to
96%
And
93%
and
93%
if
93%
If
93%
better,
91%
kind,
91%
kind
91%
my
91%
Never
91%
now
91%
think
91%
You're
91%
you're
91%
as
89%
clever
89%
clever,
89%
forget
89%
in
89%
it
89%
still
89%
talking
89%
What
89%
alive,
87%
alive
87%
dead
87%
stay
87%
The
87%
the
87%
around
85%
'cause
85%
died
85%
head
85%
power
85%
power,
85%
from
83%
Marjorie
83%
much
83%
All
80%
all
80%
down
80%
name
80%
polite,
80%
polite
80%
up
80%
would
80%
write
80%
asked
78%
every
78%
how
78%
loved
78%
should've
78%
Should've
78%
of
76%
questions,
76%
signed
76%
skies
76%
there,
76%
back
74%
go
74%
grocery
74%
singing
74%
such
74%
taken
74%
that
74%
them
74%
amber
72%
autumn
72%
but
72%
chill
72%
kept
72%
receipt,
72%
stairs
72%
store
72%
Watched
72%
way
72%
whole
72%
always
70%
wakes
70%
wield
70%
could
67%
left
67%
listening
67%
our
67%
dreams
65%
feel
65%
touch
65%
car
63%
feet
63%
frozen
63%
Long
63%
scrap
63%
you'd
63%
closets
61%
past
61%
ride
61%
backlogged
59%
complained
59%
limbs
54%
swims,
54%
No matching quizzes found
Score Distribution
Percent of People with Each Score
Percentile by Number Answered
Your Score History
You have not taken this quiz